|
|
|
|
| LEADER |
01075nam a2200277 a 4500 |
| 001 |
13699448 |
| 008 |
091108s2003 ii ab b 001 0 eng d |
| 010 |
|
|
|a \\2004328956
|
| 020 |
|
|
|a 8187500166
|
| 040 |
|
|
|a DLC
|c DLC
|
| 082 |
0 |
0 |
|a 363.6/10954
|2 22
|
| 245 |
0 |
0 |
|a Interlinking of Indian rivers /
|c editors, Asish Ghosh, Pradip K. Sikdar, Ashoke K. Dutta.
|
| 260 |
|
|
|a Kolkata :
|b ACB Publications,
|c c2003.
|
| 300 |
|
|
|a 223 p. :
|b ill., maps ;
|c 23 cm.
|
| 520 |
|
|
|a Contributed articles.
|
| 504 |
|
|
|a Includes bibliographical references and index.
|
| 541 |
1 |
|
|e 00010258
|
| 650 |
|
0 |
|a River engineering
|z India.
|
| 650 |
|
0 |
|a Water resources development
|z India.
|
| 650 |
|
0 |
|a Rivers
|z India.
|
| 700 |
1 |
|
|a Ghosh, A. K.
|q (Asish Kumar),
|d 1938-
|
| 700 |
1 |
|
|a Sikdar, P. K.
|
| 700 |
1 |
|
|a Dutta, Ashoke K.
|
| 852 |
4 |
|
|a Ayesha Abed Library
|j General shelf
|
| 999 |
|
|
|c 5222
|d 5222
|
| 952 |
|
|
|0 0
|1 0
|2 ddc
|4 0
|6 363_610954000000000_INT_2003
|7 0
|9 5067
|a BRACUL
|b BRACUL
|c GEN
|d 2009-11-08
|g 0.00
|l 0
|o 363.610954 INT
|p 3010010258
|r 2009-11-08
|t 1
|w 2009-11-08
|y BK
|x No price found in the accession register.
|